000 00307nam a2200145Ia 4500
100 _aSzenasy/S.S
650 _aGeneral
942 _cBK
654 _aOffice Furniture
245 _aOffice Furniture
260 _bFacts On Fil Inc.
_aNew York
_c1984
082 _a749
300 _a96
546 _aENGLISH
999 _c23489
_d23489